Handbook of pipe bursting pratice: (Record no. 10806)
[ view plain ]
| 000 -LEADER | |
|---|---|
| fixed length control field | 00826nam a22001817a 4500 |
| 008 - FIXED-LENGTH DATA ELEMENTS--GENERAL INFORMATION | |
| fixed length control field | 090211t xxu||||| |||| 00| 0 eng d |
| 020 ## - INTERNATIONAL STANDARD BOOK NUMBER | |
| International Standard Book Number | 9783802727504 |
| 082 ## - DEWEY DECIMAL CLASSIFICATION NUMBER | |
| Edition number | 22 |
| Classification number | 621.8672 |
| Item number | PIP |
| 245 ## - TITLE STATEMENT | |
| Title | Handbook of pipe bursting pratice: |
| Remainder of title | [pipe bursting terms and application range ; host pipe and new pipe materials ; planning and design guidelines ; pipe bursting equipment and accessories ; jobsite reports] / |
| Statement of responsibility, etc | M. Rameil (ed.) |
| 260 ## - PUBLICATION, DISTRIBUTION, ETC. (IMPRINT) | |
| Place of publication, distribution, etc | Essen : |
| Name of publisher, distributor, etc | Vulkan-Verlag, |
| Date of publication, distribution, etc | 2007 |
| 300 ## - PHYSICAL DESCRIPTION | |
| Extent | 352 p. : |
| Other physical details | ill., graph.; |
| Dimensions | 21 cm |
| 504 ## - BIBLIOGRAPHY, ETC. NOTE | |
| Bibliography, etc | Includes bibliographical references p.334-45 |
| 650 ## - SUBJECT ADDED ENTRY--TOPICAL TERM | |
| 9 (RLIN) | 2100 |
| Topical term or geographic name as entry element | Pipelines |
| General subdivision | --Design and construction |
| 650 ## - SUBJECT ADDED ENTRY--TOPICAL TERM | |
| 9 (RLIN) | 2098 |
| Topical term or geographic name as entry element | Piping |
| General subdivision | -- Design and construction |
| 650 ## - SUBJECT ADDED ENTRY--TOPICAL TERM | |
| 9 (RLIN) | 2099 |
| Topical term or geographic name as entry element | Piping |
| Form subdivision | -- Handbooks, manuals |
| General subdivision | -- Design and construction |
| 700 ## - ADDED ENTRY--PERSONAL NAME | |
| 9 (RLIN) | 2097 |
| Personal name | Rameil, M. |
| 942 ## - ADDED ENTRY ELEMENTS (KOHA) | |
| Source of classification or shelving scheme | Dewey Decimal Classification |
| Item type | Book - Borrowing |
| Withdrawn status | Item status | Source of classification or shelving scheme | Damaged status | Not for loan | Vendor | Home library | Current library | Shelving location | Date acquired | Source of acquisition | Cost, normal purchase price | Serial Enumeration / chronology | Total Checkouts | Total Renewals | Full call number | Barcode | Date last seen | Date last borrowed | Koha item type |
|---|---|---|---|---|---|---|---|---|---|---|---|---|---|---|---|---|---|---|---|
| Dewey Decimal Classification | Alahram | Central Library | Central Library | First floor | 11/02/2009 | 579.50 | 6464 | 2 | 32 | 621.8672 PIP | 000014781 | 15/07/2025 | 22/11/2017 | Book - Borrowing | |||||
| Dewey Decimal Classification | Baccah | Central Library | Central Library | First floor | 03/05/2009 | 544.00 | 7117 | 621.8672 PIP | 000016290 | 15/07/2025 | NB - Book (Non borrowing) | ||||||||
| Dewey Decimal Classification | Central Library | Central Library | First floor | 09/06/2009 | 621.8672 PIP | 000016667 | 15/07/2025 | Book - Borrowing |